Secondary research methods in the built environment / (Record no. 10505)

000 -LEADER
fixed length control field 02163cam a2200433 i 4500
001 - CONTROL NUMBER
control field 21730928
005 - DATE AND TIME OF LATEST TRANSACTION
control field 20220318185403.0
006 - FIXED-LENGTH DATA ELEMENTS--ADDITIONAL MATERIAL CHARACTERISTICS
fixed length control field m |o d |
007 - PHYSICAL DESCRIPTION FIXED FIELD--GENERAL INFORMATION
fixed length control field cr |||||||||||
008 - FIXED-LENGTH DATA ELEMENTS--GENERAL INFORMATION
fixed length control field 200916s2021 enk ob 001 0 eng
010 ## - LIBRARY OF CONGRESS CONTROL NUMBER
LC control number 2020042568
020 ## - INTERNATIONAL STANDARD BOOK NUMBER
International Standard Book Number 9781000351507
Qualifying information (epub)
020 ## - INTERNATIONAL STANDARD BOOK NUMBER
International Standard Book Number 9781003000532
Qualifying information (ebook)
020 ## - INTERNATIONAL STANDARD BOOK NUMBER
Canceled/invalid ISBN 9780367429881
Qualifying information (hardback)
020 ## - INTERNATIONAL STANDARD BOOK NUMBER
Canceled/invalid ISBN 9780367429874
Qualifying information (paperback)
040 ## - CATALOGING SOURCE
Original cataloging agency DLC
Language of cataloging eng
Transcribing agency DLC
Description conventions rda
Modifying agency DLC
042 ## - AUTHENTICATION CODE
Authentication code pcc
050 00 - LIBRARY OF CONGRESS CALL NUMBER
Classification number TH213.5
082 00 - DEWEY DECIMAL CLASSIFICATION NUMBER
Classification number 624.072
Edition number 23
245 00 - TITLE STATEMENT
Title Secondary research methods in the built environment /
Statement of responsibility, etc. edited by Emmanuel Manu and Julius Akotia.
264 #1 - PRODUCTION, PUBLICATION, DISTRIBUTION, MANUFACTURE, AND COPYRIGHT NOTICE
Place of production, publication, distribution, manufacture Abingdon, Oxon ;
-- New York, NY :
Name of producer, publisher, distributor, manufacturer Routledge/Taylor & Francis Group,
Date of production, publication, distribution, manufacture, or copyright notice 2021.
300 ## - PHYSICAL DESCRIPTION
Extent 1 online resource
336 ## - CONTENT TYPE
Content type term text
Content type code txt
Source rdacontent
337 ## - MEDIA TYPE
Media type term computer
Media type code c
Source rdamedia
338 ## - CARRIER TYPE
Carrier type term online resource
Carrier type code cr
Source rdacarrier
504 ## - BIBLIOGRAPHY, ETC. NOTE
Bibliography, etc. note Includes bibliographical references and index.
505 2# - FORMATTED CONTENTS NOTE
Formatted contents note Introduction to secondary research methods in the built environment / Emmanuel Manu, Julius Akotia / Identifying and sourcing data for secondary research / Emmanuel Manu, Julius Akotia, Saad Sarhan, Abdul-Majeed Mahamadu -- Ethical considerations in the use of secondary data for built environment research / Abid Hasan.
520 ## - SUMMARY, ETC.
Summary, etc. "This textbook provides a systematic step-by-step guide on how to apply secondary research methods in the built environment, including their various underpinning methodologies"--
Assigning source Provided by publisher.
588 ## - SOURCE OF DESCRIPTION NOTE
Source of description note Description based on print version record and CIP data provided by publisher.
650 #0 - SUBJECT ADDED ENTRY--TOPICAL TERM
Topical term or geographic name entry element Building
General subdivision Research.
650 #0 - SUBJECT ADDED ENTRY--TOPICAL TERM
Topical term or geographic name entry element Technical literature.
700 1# - ADDED ENTRY--PERSONAL NAME
Personal name Manu, Emmanuel,
Relator term editor.
700 1# - ADDED ENTRY--PERSONAL NAME
Personal name Akotia, Julius,
Relator term editor.
776 08 - ADDITIONAL PHYSICAL FORM ENTRY
Relationship information Print version:
Title Secondary research methods in the built environment
Place, publisher, and date of publication Abingdon, Oxon ; New York, NY : Routledge/Taylor & Francis Group, 2021.
International Standard Book Number 9780367429881
Record control number (DLC) 2020042567
906 ## - LOCAL DATA ELEMENT F, LDF (RLIN)
a 7
b cbc
c orignew
d 1
e ecip
f 20
g y-gencatlg
925 0# -
-- acquire
-- ecip ebook
-- policy default
955 ## - COPY-LEVEL INFORMATION (RLIN)
-- xn18 2021-11-09 book rec'd
985 ## -
-- LC online resource
-- 2020-09-29
Holdings
Withdrawn status Lost status Source of classification or shelving scheme Damaged status Not for loan Permanent Location Current Location Date acquired Source of acquisition Cost, normal purchase price Total Checkouts Full call number Barcode Date last seen Date last checked out Cost, replacement price Price effective from Koha item type
          BMS College of Architecture, Design and Planning BMS College of Architecture, Design and Planning 2022-05-16 1 3222.96 1 624.072 AR-RD150 2026-04-01 2026-03-18 4604.23 2022-05-16 R&D Books
Copyright © 2025, The Librarian, Library and Information Centre, BMSCA D&P, Bengaluru. All Rights Reserved
web counter

Powered by Koha